Statystyki dla Kartkówka z wiedzy ogólnej. #2

Kliknij tutaj aby rozwiązać quiz!

Ogólne statystyki

  • Ten quiz został rozwiązany 19 razy
  • Średni wynik to 7 z 10

Statystyki odpowiedzi

HintOdpowiedź% Poprawnych
15 do potęgi 0 (zero) to:1
94%
Ile tytułów mistrza olimpijskiego wywalczył Kamil Stoch?3
94%
...47, 53, 59, 61... kolejną liczbą pierwszą będzie:67
82%
Góra Czomolungma bardziej znana jest pod nazwą:Mount Everest
82%
Odmianą alotropową jakiego pierwiastka jest grafit?Węgla
65%
Zawodnik uprawiający łyżwiarstwo szybkie to:Panczenista
59%
Jaki ptak ma tylko po 2 palce u stóp?Struś
53%
Kto zagrał tytułową rolę w filmie "Pan Tadeusz" (1999 r.)?Żebrowski
53%
Denali to najwyższa góra jakiego kraju?USA
47%
Basior to samiec jakiego ssaka?Wilka
41%

Rozkład punktacji

Percentyl według liczby udzielonych odpowiedzi

Procent ludzi z każdym wynikiem

Twoja historia wyników

Nie rozwiązałeś tego quizu